Officium et cantus in processione dominicae Palmarum in triduo majoris hebdomadae in dilucido resurrectionis...

Detalles Bibliográficos
Formato: Libro
Publicado: Madrid 1830
Materias:
Colección:Banco de datos
Acervo:Biblioteca del Convento de Santa Mónica de la Ciudad de Puebla. Puebla
Tema general:Liturgia
Notas:Buena. D6, 9.
LEADER 00612nam a22001810004500
035 |a 50533 
036 |a 301 
245 1 0 |a Officium et cantus in processione dominicae Palmarum in triduo majoris hebdomadae in dilucido resurrectionis... 
260 |a Madrid  |c 1830 
500 |a Buena. D6, 9. 
650 1 0 |a Liturgia 
949 |a CRP 
959 |a Ex convento de Santa Mónica. Puebla, Puebla  |b CCC5 
960 |a Convento de Santa Mónica de la ciudad de Puebla  |b DD88 
961 |a Franciscana  |b OF 
942 |c CRP-SM 
943 |g Biblioteca del Convento de Santa Mónica de la Ciudad de Puebla. Puebla 
999 |c 960871  |d 960871